World Cities by Letter S - Picture Quiz - Statistics

General Stats
  • This quiz has been taken 158 times
  • The average score is 8 of 18
Answer Stats
Picture Answer % Correct
Sydney
97%
San Francisco
95%
Singapore
86%
Seattle
81%
Shanghai
71%
Stockholm
56%
St. Petersburg
48%
Suez
37%
Santiago
36%
Sao Paulo
33%
Sana'a
29%
Seoul
27%
Sapporo
19%
Stuttgart
15%
Surat
11%
Sochi
10%
San Jose
7%
Sao Tome
5%
No matching quizzes found
Score Distribution
Percent of People with Each Score
Percentile by Number Answered
Your Score History
You have not taken this quiz